000 00445nam a2200181Ia 4500
001 3754
005 20260306145706.0
008 260306t2022||||xx |||||||||||||| ||spa||
041 _aESP
082 _a302.3
_bS712
100 _aSadin, Éric,
_eAUT
245 0 _aLa era del individuo tirano :
_bel fin de un mundo común
260 _c2022
300 _a303 páginas :
_c20 cm.
650 _aGEN
654 _aCED
942 _cLIB
_dJUS
_fJUS
_2ddc
_n
999 _c3754
_d3754